Fire Emblem Playable Characters - K - Statistics

General Stats
  • This quiz has been taken 111 times
    50 since last reset
  • The average score is 21 of 32
Answer Stats
Answer % Correct
Kaden
93%
Keaton
93%
Kellam
86%
Kjelle
86%
Kagero
79%
Kana (F)
79%
Kana (M)
79%
Kurt
79%
Kyle
79%
Katarina
71%
Kiran
71%
Kronya
71%
Kvasir
71%
Kyza
71%
Karel
64%
Karin
64%
Karla
64%
Kaze
64%
Kieran
64%
Klein
64%
Knoll
64%
Kurthnaga
64%
Kiria
57%
Kamui
57%
Kent
57%
Kiragi
57%
Kliff
57%
Kris (F)
57%
Kris (M)
57%
Kagetsu
50%
Kumagera
43%
Kempf
14%
No matching quizzes found
Score Distribution
Percent of People with Each Score
Percentile by Number Answered
Your Score History
You have not taken this quiz since the last reset